Application of basic stock market investment strategies on commodity markets

Enregistré dans:
Détails bibliographiques
Auteur principal: Árendáš, Peter, 1986-
Format: Chapitre de livre
Langue:anglais
Sujets:
Tags: Ajouter un tag
Pas de tags, Soyez le premier à ajouter un tag!

MARC

LEADER 00000naa$a2200000$$$4500
001 0169828
005 20240502083412.9
041 0 |a eng 
044 |a CZ 
245 1 0 |a Application of basic stock market investment strategies on commodity markets  |c Peter Árendáš 
610 2 0 |a trh finančný 
610 2 0 |a trh kapitálový 
610 2 0 |a komodity 
610 2 0 |a investovanie 
610 2 0 |a investície 
610 2 0 |a stratégia investičná 
610 2 0 |a efektívnosť 
100 1 |a Árendáš, Peter, 1986-